00827nam a22002177a 4500008004100000020001800041040001800059041000800077060001100085100001800096245006800114260006900182300003700251504005300288650004200341650002700383650002300410650001700433856007900450856008000529130821s2002 enka grdd eng  a9780198520870 aCo-BoUCMbspa00aeng aBF 3701 aDudai, Yadin.10aMemory from A to Z keywords, concepts, and beyondcYadin Dudai aOxford (Oxfordshire, Inglaterra)bOxford University Presscc2002 avi, 331 páginasbilustraciones aIncluye referencias bibliográficas e índice.04aMemoriavDiccionarios y enciclopedias04aMemoriavEnciclopedias04aMemoriavGlosarios04aPsicología413Contenidouhttp://www.loc.gov/catdir/enhancements/fy0638/2002071529-t.html423Publicadoruhttp://www.loc.gov/catdir/enhancements/fy0638/2002071529-d.html